书目信息 |
| 题名: |
大理
|
|
| 作者: | 张锡禄 , 杨汝灿 编著 | |
| 分册: | ||
| 出版信息: | 北京 旅游教育出版社 2001.01 |
|
| 页数: | 94页, [3] 叶图版 | |
| 开本: | 19cm | |
| 丛书名: | 中国历史文化名城丛书 | |
| 单 册: | ||
| 中图分类: | K927.43 | |
| 科图分类: | ||
| 主题词: | 地理--di li--中国 | |
| 电子资源: | ||
| ISBN: | 7-5637-0908-8 | |
| 000 | 01017nam 2200289 450 | |
| 001 | 012008963172 | |
| 005 | 20080318091027.96 | |
| 010 | @a7-5637-0908-8@dCNY7.50 | |
| 100 | @a20080318d2001 km y0chiy0120 ea | |
| 101 | 0 | @achi |
| 102 | @aCN@b110000 | |
| 105 | @aafh a 000yy | |
| 106 | @ar | |
| 200 | 1 | @a大理@Ada li@f张锡禄, 杨汝灿编著@Fzhang xi lu,yang ru can bian zhu |
| 210 | @a北京@c旅游教育出版社@d2001.01 | |
| 215 | @a94页, [3] 叶图版@c图, 摹真@d19cm | |
| 225 | 2 | @a中国历史文化名城丛书@Azhong guo li shi wen hua ming cheng cong shu |
| 320 | @a有书目 (第91-92页)。 | |
| 330 | @a本书包括:白族摇篮大理市、文献名邦古大理、风花雪月苍洱景、多姿多彩白族情、神话世界歌舞乡、风流人物垂青史等7部分内容。 | |
| 410 | 0 | @12001 @a中国历史文化名城丛书 |
| 606 | 0 | @a地理@Adi li@y中国 |
| 607 | @a大理市@Ada li shi@x概况@y云南省 | |
| 690 | @aK927.43@v4 | |
| 701 | 0 | @a张锡禄@Azhang xi lu@4编著 |
| 701 | 0 | @a杨汝灿@Ayang ru can@4编著 |
| 801 | 0 | @aCN@bQSSK@c20080318 |
| 905 | @b20286560-62@dK927.43@eZ213@f3 | |
| 大理/张锡禄, 杨汝灿编著.-北京:旅游教育出版社,2001.01 |
| 94页, [3] 叶图版:图, 摹真;19cm.-(中国历史文化名城丛书) |
| ISBN 7-5637-0908-8:CNY7.50 |
| 本书包括:白族摇篮大理市、文献名邦古大理、风花雪月苍洱景、多姿多彩白族情、神话世界歌舞乡、风流人物垂青史等7部分内容。 |
| ● |
| 相关链接 |
|
|
|
正题名:大理
索取号:K927.43/Z213
 
预约/预借
| 序号 | 登录号 | 条形码 | 馆藏地/架位号 | 状态 | 备注 |
| 1 | 286560 | 202865603 | 社科库309/309社科库 15排2列4层/ [索取号:K927.43/Z213] | 在馆 | |
| 2 | 286561 | 202865612 | 社科库309/309社科库 15排2列4层/ [索取号:K927.43/Z213] | 在馆 | |
| 3 | 286562 | 202865621 | 社科库309/309社科库 15排2列4层/ [索取号:K927.43/Z213] | 在馆 |